00385pam a2200145a 44500008004100000020000900041041001200050082000800062100002100070245007900091250000900170260004300179300000800222650000900230230515b2020 xxu||||| |||| 00| 0 eng d aNULL aENGLISH a611 aSONTAKKE YOGESH  aTEXT BOOK OF HUMAN HISTOLOGY WITH COLOR ATLAS 3D ILUSTRATION FLOWCHARLTS  a2020 abCBS PUBLISHER AND DISTRIBUTORSc2020 a348 aNULL